000 00717cam a2200181 4500500
005 20260111080216.0
041 _afre
042 _adc
100 1 0 _aPassavant-Guion, Lisa
_eauthor
245 0 0 _aUne analyse politique des mutations des finances locales : la réforme de la taxe professionnelle et la réduction des dotations de l’État
260 _c2017.
500 _a81
690 _afinances locales
690 _aréforme de la taxe professionnelle
690 _ataxe professionnelle
786 0 _nGestion & Finances Publiques | 6 | 6 | 2017-06-30 | p. 35-41 | 1969-1009
856 4 1 _uhttps://droit.cairn.info/revue-gestion-et-finances-publiques-2017-6-page-35?lang=fr&redirect-ssocas=7080
999 _c1616034
_d1616034